00707nam a2200241 a 4500001001300000003000900013005001700022008004100039020001000080082001300090100001700103245001900120260003800139300000900177500003500186505001000221700001700231902000800248942000700256952009300263952009400356999001500450nice12345678IN_TiNIC20260116012526.0050524s1892 lona grp 000 0 eng  ac10000a201bMOU aMoule, H C G aCharles Simeon aLondonbMethuen and Companyc1892 a276p aincludes index and biblioraphy2 aIndex1 aMoule, H C G bSRS cBK 00104070aHMIbHMId0000-00-00g100.00l0o201 MOUp8118r0000-00-00w2026-01-16yARB 00104070aHMIbHMId2016-03-11g100.00l0o201 MOUp10218r0000-00-00w2026-01-16yARB c7352d7352